000 00965nam a2200217Ia 4500
003 Ost
005 20260507075800.0
008 260507s9999||||xx |||||||||||||| ||und||
020 _a9789969537345
040 _cfsecg
041 _aara
082 _a332.642
100 _aلوكيل، ليلى
_eمؤلف
245 0 _aالأسواق المالية الدولية /
_c ليلى لوكيل
260 _aالجزائر:
_bدار إيلياء للنشر والتوزيع,
_c2024
300 _a110 صفحة؛
_bإيضاحات ؛
_c23 سم
504 _aمراجع ص.105 - 107
520 _aيتحدث الكتاب حول مفاهيم عامة حول الأسواق المالية و الأدوات المالية التقليدية و المشتقات المالية، كفاءة السوق المالي، نماذج عن البورصات العالمية، الأسواق المالية الإسلامية
653 _aالبورصات
942 _cكتاب
999 _c46262
_d46262